00644nam a2200181 a 450000100100000000500170001000800410002704000250006808200160009310000300010924500620013926000520020130000270025350000420028004900090032295201140033199900170044500002706320200930030559.0110329s1951 dr a 000 0 eng d aDO-SdBNPbengcBNPHU axxxxbP171p1 aPalm, Erwin Walter95414810aThe pocket guide to ciudad Trujillo /cErwin Walter Palm. aCiudad Trujillo, República Dominicana,c1951. a54 p. :bil. ;c20 cm. aIncluye notas al pie de las páginas aBNPD 001050718RVaPDbPDcHDd2011-03-29iLF1l0oxxxx P171pp27063-10r2020-06-25w2020-06-25y1ZNo se presta c26555d26555